Sme tu! We Are Here!: Katalóg výstavy v Židovskom komunitnom múzeu, Bratislava, 23. máj - 12. október 2014 /
Gespeichert in:
| Hauptverfasser: | , , |
|---|---|
| Format: | Buch |
| Sprache: | Slowakisch Englisch |
| Veröffentlicht: |
Bratislava:
Židovský kultúrny inštitút,
2014
|
| Tags: |
Keine Tags, Fügen Sie das erste Tag hinzu!
|
MARC
| LEADER | 00000nam a22000003a 4500 | ||
|---|---|---|---|
| 001 | 0117896 | ||
| 003 | SK-STU | ||
| 005 | 20251103103615.9 | ||
| 007 | ta | ||
| 008 | 251103s ----xo-----e------000-0-----d | ||
| 020 | |a 978-80-969720-4-3 | ||
| 040 | |a STU |b slo | ||
| 041 | 0 | |a slo |a eng |h slo | |
| 044 | |a xo | ||
| 100 | 1 | |a Alexander, Samo |4 aut | |
| 245 | 1 | 0 | |a Sme tu! We Are Here!: |b Katalóg výstavy v Židovskom komunitnom múzeu, Bratislava, 23. máj - 12. október 2014 / |c aut. Samo Alexander, Maroš Borský, Andrew Goldstein |
| 260 | |a Bratislava: |b Židovský kultúrny inštitút, |c 2014 | ||
| 300 | |a 70 s. | ||
| 700 | 1 | |a Borský, Maroš |4 aut |X 520990 |7 A000520990 | |
| 700 | 1 | |a Goldstein, Andrew |4 aut | |
| 996 | |b 284V038309 |c V* 53767/O-24837 |l VVT |s P |a 0 |w 0117896_0001 | ||